000 00583nam a2200193Ia 4500
008 241102s9999||||xx |||||||||||||| ||und||
020 _a9780881673692 (pbk.)
060 _aWV 100
_b.L83 1988
100 _aLucente, Frank E.
245 0 _aEssentials of otolaryngology /
_cFrank E. Lucente, Steven M. Sobol.
250 _a2nd ed.
260 _aNew York :
_bRaven Press,
_cc1988.
300 _axiii, 462 p. :
_bill.
500 _aIncludes index.
504 _aBibliography: p. 423-425.
650 _aOtorhinolaryngologic Diseases
700 _aSobol, Steven M.
942 _bDMC
_cBK
999 _c22775
_d22775